Usos del tiempo libre de la población residente de Mar del Plata (Registro nro. 22717)

Detalles MARC
000 -LEADER
fixed length control field 00337 a2200109 4500
001 - CONTROL NUMBER
control field ART_6201
005 - DATE AND TIME OF LATEST TRANSACTION
control field 20260410161825.0
008 - FIXED-LENGTH DATA ELEMENTS--GENERAL INFORMATION
fixed length control field 260409a
100 1# - MAIN ENTRY--PERSONAL NAME
Personal name Mantero, Juan Carlos
245 10 - TITLE STATEMENT
Title Usos del tiempo libre de la población residente de Mar del Plata
773 0# - HOST ITEM ENTRY
Title FACES
Related parts - Año 2, Nº 2 (jun. 1996)
Record control number REV5046

No hay ítems disponibles.